|
|
|
|
| LEADER |
01019nam a2200265 a 4500 |
| 001 |
4905 |
| 003 |
BD-DhAAL |
| 008 |
090430s1989 pau f 001 0 eng d |
| 999 |
|
|
|c 312
|d 312
|
| 010 |
|
|
|a \\\88023089
|
| 020 |
|
|
|a 0397547633
|
| 040 |
|
|
|a DNLM/DLC
|c DLC
|d DLC
|d BD-DhAAL
|
| 082 |
0 |
0 |
|a 616.075
|2 19
|
| 100 |
1 |
|
|a Carpenito, Lynda Juall.
|9 41655
|
| 245 |
1 |
0 |
|a Handbook of nursing diagnosis, 1989-90 /
|c Lynda Juall Carpenito.
|
| 260 |
|
|
|a Philadelphia :
|b Lippincott,
|c c1989.
|
| 300 |
|
|
|a xxxvi, 375 pages ;
|c 19 cm.
|
| 500 |
|
|
|a Includes index.
|
| 541 |
1 |
|
|e 4905
|
| 650 |
|
0 |
|a Diagnosis
|x Handbooks, manuals, etc.
|9 41656
|
| 650 |
|
0 |
|a Nursing
|x Handbooks, manuals, etc.
|9 41657
|
| 650 |
|
2 |
|a Nursing Assessment
|x handbooks.
|9 41658
|
| 852 |
4 |
|
|a Ayesha Abed Library
|j General Stacks
|
| 942 |
|
|
|2 ddc
|c BK
|
| 952 |
|
|
|0 0
|1 0
|2 ddc
|4 0
|6 616_070000000000000_5_CAR_1989
|7 0
|9 287
|a BRACUL
|b BRACUL
|c GEN
|d 2009-04-30
|g 0.00
|l 1
|m 17
|o 616.075 CAR
|p 3010004905
|r 2024-03-19
|s 2024-01-28
|t 1
|w 2009-04-30
|y BK
|x No price found in the accession register.
|